Kyïv z kožnym budynkom 1:18 000
| Titel: | Kyïv z kožnym budynkom 1:18 000 |
|---|---|
| Veröffentlicht: | Kyjiv Київ : Ukrajins’ka kartohraficna hrupa, 2024 |
| Umfang: | 126 S. |
| Format: | Buch |
| Sprache: | Ukrainisch |
| ISBN: | 9786177447633 |
alg: 54068527 001A $03004:15-12-25 001B $01999:15-12-25 $t21:02:28.000 001D $01999:15-12-25 001U $0utf8 001X $00 002@ $0Aay 002C $aText $btxt $2rdacontent 002D $aohne Hilfsmittel zu benutzen $bn $2rdamedia 002E $aBand $bnc $2rdacarrier 003@ $0540685275 004A $A978-617-7447-63-3 010@ $aukr 010E $erda 011@ $a2024 013D $RBildband $RAtlaskartografie $RKarte $#Atlases $#Atlas $#Atlanti geografici $#Atlas $#atlases $#Atlas $#Atlas $#Weltatlas $#Bildatlas $#Topographischer Atlas $#Topografischer Atlas $#Atlanten $74143303-8 $8Atlas [Ts1] $9085561835 021A $aKyïv z kožnym budynkom 1:18 000 $T01 $ULatn 021A $aКиїв з кожним будинком 1:18 000 $T01 $UCyrl 033A $pKyjiv Київ $T01 $ULatn $nUkrajins’ka kartohraficna hrupa 033A $pКиїв $T01 $UCyrl $nУкраїнська картографічна група 034D $a126 S. lok: 54068527 24 exp: 54068527 24 1 #EPN 201B/01 $015-12-25 $t16:47:26.000 201C/01 $015-12-25 201U/01 $0utf8 203@/01 $01329587340 208@/01 $a15-12-25 $bz 209A/01 $a25.06875 $du $f050 $h25 06875 $x00 209C/01 $a25.06875 K $h25 06875 K 209G/01 $a74964680 $x00 220C/01 $ajwa 247C/01 $8358050-7Marburg, Bibliothek des Herder-Instituts Marburg $9102600961
| LEADER | 00000cam a22000002c 4500 | ||
|---|---|---|---|
| 001 | 540685275 | ||
| 003 | DE-603 | ||
| 005 | 20251215210228.0 | ||
| 007 | tu | ||
| 008 | 251215s2024 xx |||| | u00||u|ukr c | ||
| 020 | |a 9786177447633 | ||
| 035 | |a (DE-599)HEB540685275 | ||
| 040 | |a DE-603 |b ger |c DE-603 |d DE-603 |e rda | ||
| 041 | |a ukr | ||
| 245 | 0 | 0 | |6 880-01/Latn |a Kyïv z kožnym budynkom 1:18 000 |
| 264 | 1 | |6 880-02/Latn |a Kyjiv Київ |b Ukrajins’ka kartohraficna hrupa |c 2024 | |
| 300 | |a 126 S. | ||
| 336 | |a Text |b txt |2 rdacontent | ||
| 337 | |a ohne Hilfsmittel zu benutzen |b n |2 rdamedia | ||
| 338 | |a Band |b nc |2 rdacarrier | ||
| 655 | 7 | |a Atlas |2 gnd-content |0 (DE-588)4143303-8 |0 (DE-603)085561835 | |
| 880 | 1 | |6 264-02/Cyrl |a Київ |b Українська картографічна група |c 2024 | |
| 880 | 0 | 0 | |6 245-01/Cyrl |a Київ з кожним будинком 1:18 000 |
| 924 | 0 | |9 Mb 50 |a (DE-603)1329587340 |b DE-Mb50 |c HES |d c |g 25.06875 | |


